Control en cascada no lineal de un conjunto motor generador
Guardado en:
| Hovedforfatter: | |
|---|---|
| Andre forfattere: | |
| Format: | Bog |
| Sprog: | Spanish |
| Udgivet: |
[San José], Costa Rica
2013
|
| Fag: | |
| Tags: |
Tilføj Tag
Ingen Tags, Vær først til at tagge denne postø!
|
MARC
| LEADER | 00000nam a22000007a 4500 | ||
|---|---|---|---|
| 003 | 011809 | ||
| 005 | 20230824154232.0 | ||
| 008 | 150421b2015 cr a|||| |||| 00| ||spa d | ||
| 040 | |c cru CEDI | ||
| 090 | |a TFG 6978 | ||
| 100 | |9 750 |a Sáenz Jarquín, Maycol Javier | ||
| 245 | |a Control en cascada no lineal de un conjunto motor generador | ||
| 260 | |a [San José], Costa Rica |c 2013 | ||
| 300 | |a xiii, 65 páginas : ilustraciones | ||
| 500 | |a Proyecto de graduación (bachillerato en ingeniería eléctrica)-- Universidad de Costa Rica. Facultad de Ingeniería. Escuela de Ingeniería Eléctrica | ||
| 501 | |a Profesor Guía de IE-0499 Proyecto Eléctrico: Ing. Mauricio Espinoza Bolaños | ||
| 650 | |x MOTORES ELECTRICOS |x CONTROL AUTOMATICO |x SISTEMAS DE CONTROL |x CIRCUITOS ELECTRICOS |x CONTROLADORES PID |x LABVIEW |9 751 | ||
| 700 | |9 739 |a Espinoza Bolaños, Mauricio, 1986- |d Director de Proyecto Eléctrico | ||
| 942 | |c CEDI | ||
| 999 | |c 13831 |d 13831 | ||
